Capitals With 3 Consecutive Consonants - Statistics

General Stats
  • This quiz has been taken 60 times
  • The average score is 13 of 22
Answer Stats
Triple Consonants
Capitals % Correct
NSK Minsk
90%
BLJ Ljubljana
84%
Tashkent
84%
NGK Bangkok
80%
PHN Phnom Penh
76%
MST Amsterdam
74%
GHD Baghdad
70%
SHK Bishkek
70%
NGST Kingston
64%
Kingstown
64%
SHG Ashgabat
60%
MPH Thimphu
60%
NDJ N'Djamena
58%
NGT Washington D.C.
54%
NSH Kinshasa
52%
LGR Belgrade
50%
THM Kathmandu
44%
Wellington
44%
KCH Nouakchott
40%
STR Castries
34%
NDH Windhoek
34%
HNS Saint John's
26%
No matching quizzes found
Score Distribution
Percent of People with Each Score
Percentile by Number Answered
Your Score History
You have not taken this quiz